Exportné dokumenty

Sprievodné dokumenty a doklady v obchodnej praxi pri vývoze a dovoze tovaru. Charakteristika obchodných dokumentov: Predfaktúra, obchodná faktúra, certifikát o inšpekcii nezávislou firmou, nákladný list, poisťovacie doklady, finančné doklady. Transportné dokumenty: nákladný list - konosament, leteck...

Descripción completa

Guardado en:
Detalles Bibliográficos
Autor principal: Švač, V.
Formato: Capítulo de libro
Lenguaje:eslovaco
Materias:
Etiquetas: Agregar Etiqueta
Sin Etiquetas, Sea el primero en etiquetar este registro!

MARC

LEADER 00000naa a2200000 4500
001 r027793
005 20230919113128.8
041 0 |a slo 
044 |a SK 
245 1 0 |a Exportné dokumenty  |c V. Švač 
520 |a Sprievodné dokumenty a doklady v obchodnej praxi pri vývoze a dovoze tovaru. Charakteristika obchodných dokumentov: Predfaktúra, obchodná faktúra, certifikát o inšpekcii nezávislou firmou, nákladný list, poisťovacie doklady, finančné doklady. Transportné dokumenty: nákladný list - konosament, letecký konosament. Oficiálne dokumenty: exportná deklarácia, osvedčenie o pôvode. 
610 2 0 |a dokumenty 
610 2 0 |a obchod zahraničný 
610 2 0 |a preprava 
610 2 0 |a tovar 
610 2 0 |a konosament 
610 2 0 |a faktúry 
610 2 0 |a certifikáty 
610 2 0 |a technika obchodná 
100 1 |a Švač, V.